Mouvement indépendant oncéanien - Statistiques

Statistiques générales
  • Ce quiz a été pris 31 fois
  • Le résultat moyen est 6 sur 16
Statistiques - réponses
Par images Réponse % Correct
Nouvelle-Calédonie
89%
Guam
85%
Polynésie française
78%
Îles Cook
70%
Moorea
70%
Hawaï
67%
Île Norfolk
63%
Île de Pâques
41%
Aborigènes d'Australie
19%
Australie-Occidentale
11%
Tasmanie
11%
Victoria
7%
Île Bougainville
4%
Îles Marquises
4%
République Murrawarri
4%
Nouvelle-Irlande
0%
Aucun quiz correspondant
Distribution des résultats
% des personnes avec chaque résultat
Percentile par nombre de réponses
Votre historique - résultats
Vous n’avez pas pris ce quiz